[Event "4NCL/Div4a/OXF2 vs. CONQ"]
[Site "Telford ENG"]
[Date "2004.11.06"]
[Round "1.4"]
[White "Jackson, Paul G"]
[Black "Duggan, Chris"]
[Result "1-0"]
[WhiteElo "1950"]
[BlackElo "2114"]
[PlyCount "95"]
[EventDate "2004.11.06"]
[SourceDate "2004.09.21"]

1. d4 Nf6 2. c4 g6 3. f3 d6 4. e4 Bg7 5. Be3 O-O 6. Nc3 e5 7. Nge2 Nc6 8. d5
Ne7 9. g4 c6 10. Qd2 cxd5 11. Nxd5 Nfxd5 12. cxd5 f5 13. gxf5 gxf5 14. O-O-O f4
15. Bf2 Bd7 16. Kb1 Nc8 17. Nc3 Rb8 18. Bd3 b5 19. Rc1 Qa5 20. Rc2 b4 21. Ne2
Bf6 22. Rhc1 Bd8 23. b3 Bb6 24. Bxb6 Nxb6 25. Rc7 Rbc8 26. Rxc8 Rxc8 27. Rxc8+
Nxc8 28. Qc1 Kf7 29. Qg1 Qd8 30. Nc1 h6 31. Ba6 Qa5 32. Bxc8 Bxc8 33. Nd3 Qb5
34. Qxa7+ Kf6 35. Nc1 Bh3 36. Qh7 Kg5 37. Qe7+ Kg6 38. Qxd6+ Kh7 39. Qe7+ Kg6
40. Qxe5 Bf1 41. Qxf4 Bd3+ 42. Ka1 Qc5 43. Qd2 Qd4+ 44. Qb2 Qg1 45. d6 Kf7 46.
e5 Ke6 47. f4 h5 48. a3 1-0

[Event "4NCL/Div4a/OXF2 vs. CONQ"]
[Site "Telford ENG"]
[Date "2004.11.06"]
[Round "1.5"]
[White "Bruce, Dave"]
[Black "Cork, David J"]
[Result "1/2-1/2"]
[WhiteElo "2075"]
[BlackElo "1885"]
[PlyCount "91"]
[EventDate "2004.11.06"]
[SourceDate "2004.09.21"]

1. e4 c5 2. Nf3 d6 3. d4 cxd4 4. Nxd4 Nf6 5. Nc3 g6 6. h3 Bg7 7. Bc4 O-O 8. Bb3
Nc6 9. Be3 Bd7 10. O-O Qc8 11. f4 Nxd4 12. Bxd4 Be6 13. Qe2 Nh5 14. Bxg7 Kxg7
15. Kh2 Bxb3 16. axb3 a6 17. Nd5 Qd8 18. Qe3 Nf6 19. Nxf6 Kxf6 20. Qd4+ Ke6 21.
f5+ Kd7 22. c4 Qc7 23. b4 d5+ 24. e5 Qxc4 25. Qd2 Rac8 26. Rac1 Qe4 27. Rfe1
Qxf5 28. Qxd5+ Ke8 29. Rxc8+ Qxc8 30. Re4 Qc6 31. Qd4 e6 32. Re3 h5 33. Rd3 Qc7
34. Rc3 Qb8 35. Qc5 f6 36. Qc8+ Qxc8 37. Rxc8+ Kf7 38. Rc7+ Kg8 39. exf6 Rxf6
40. Rxb7 Rf2 41. b5 axb5 42. Rxb5 Kf7 43. Kg3 Rd2 44. Kf3 Kf6 45. g4 Rd3+ 46.
Kg2 1/2-1/2

[Event "4NCL/Div4a/OXF2 vs. CONQ"]
[Site "Telford ENG"]
[Date "2004.11.06"]
[Round "1.6"]
[White "Foster, James"]
[Black "Henbest, Kevin B"]
[Result "0-1"]
[WhiteElo "1835"]
[BlackElo "1795"]
[PlyCount "94"]
[EventDate "2004.11.06"]
[SourceDate "2004.09.21"]

1. e4 c5 2. d4 cxd4 3. c3 dxc3 4. Nxc3 Nc6 5. Nf3 e6 6. Bc4 a6 7. O-O Nge7 8.
Bf4 Ng6 9. Bd6 Bxd6 10. Qxd6 Qe7 11. Rad1 Qxd6 12. Rxd6 b5 13. Be2 Bb7 14. Rfd1
Rd8 15. Ne1 Nce5 16. Nc2 Ke7 17. a4 Nc4 18. Bxc4 bxc4 19. a5 Ne5 20. Nb4 Nd3
21. Rb6 Nxb4 22. Rxb4 Bc6 23. Rxc4 Rb8 24. b4 Rhc8 25. f3 Ba8 26. Rxc8 Rxc8 27.
Na4 Bc6 28. Nb6 Rc7 29. e5 Bb5 30. g4 Rc2 31. Rd4 f6 32. f4 fxe5 33. fxe5 Re2
34. Nc8+ Kd8 35. Nd6 Kc7 36. Nxb5+ axb5 37. a6 Ra2 38. Rf4 Rxa6 39. Rf7 Ra4 40.
Rxg7 Rxb4 41. Kg2 Rc4 42. Rxh7 b4 43. g5 b3 44. Rh3 Rc2+ 45. Kf3 Rc3+ 46. Kg4
Rxh3 47. Kxh3 b2 0-1

[Event "4NCL/Div4a/SLOS4 vs. CHED"]
[Site "Telford ENG"]
[Date "2004.11.06"]
[Round "1.1"]
[White "Purton, Ben J"]
[Black "Shaw, Robert"]
[Result "1/2-1/2"]
[WhiteElo "2100"]
[BlackElo "2297"]
[PlyCount "205"]
[EventDate "2004.11.06"]
[SourceDate "2004.09.21"]

1. e4 c5 2. Nf3 Nc6 3. Bb5 Nf6 4. Nc3 Nd4 5. Bc4 Qc7 6. d3 d6 7. Nxd4 cxd4 8.
Ne2 Qb6 9. c3 dxc3 10. bxc3 e6 11. Be3 Qc7 12. Qb3 Be7 13. h3 O-O 14. O-O Bd7
15. Nd4 a6 16. a4 b6 17. f4 Kh8 18. f5 d5 19. exd5 exd5 20. Bxd5 Qe5 21. Be4
Nxe4 22. Bf4 Qc5 23. dxe4 Rac8 24. Rac1 Qa5 25. Qd5 Qxd5 26. exd5 Bc5 27. f6
gxf6 28. Kh2 Bxa4 29. Ra1 Bxd4 30. Rxa4 Bxc3 31. Rxa6 Rfd8 32. Rxb6 Rxd5 33.
Rb7 Kg7 34. Rf3 Be5 35. Bxe5 Rxe5 36. Rg3+ Rg5 37. Rb5 Kh6 38. Rb7 Kg6 39. Rb6
h6 40. Rf3 Rf5 41. Rg3+ Kh7 42. Rb7 Rf8 43. h4 Rf4 44. Kh3 Rf1 45. Kh2 Re1 46.
Rf3 Re6 47. h5 Re5 48. g4 Kg7 49. Rb6 Re6 50. Rb2 Rc8 51. Rbf2 Rc4 52. Kh3 Rd4
53. Rf1 Rd2 54. R1f2 Rdd6 55. Kh4 Kf8 56. Rb2 Re4 57. Rbf2 Ke7 58. Rf4 Re5 59.
Rf1 Rg5 60. Re1+ Re6 61. Ra1 Kf8 62. Raf1 Kg7 63. R1f2 Rge5 64. R2f3 Re1 65.
Rf1 Rxf1 66. Rxf1 Kf8 67. Kg3 Ke7 68. Ra1 Rb6 69. Re1+ Re6 70. Ra1 Rd6 71. Re1+
Kf8 72. Kf4 Kg7 73. Ra1 Rd4+ 74. Kf5 Rd2 75. Ra6 Rd5+ 76. Kf4 Rg5 77. Rb6 f5
78. gxf5 Rxh5 79. Kg4 Rh1 80. Ra6 Rg1+ 81. Kf4 Rb1 82. Kg4 Rb4+ 83. Kf3 h5 84.
Kg3 Rg4+ 85. Kf3 f6 86. Rb6 Rg1 87. Ra6 Rf1+ 88. Ke4 h4 89. Ra7+ Kh6 90. Rf7
Kg5 91. Rg7+ Kh5 92. Rh7+ Kg5 93. Rg7+ Kh6 94. Rg6+ Kh7 95. Rg4 Rh1 96. Kd5 Kh6
97. Ke6 Kh5 98. Rg8 h3 99. Kxf6 Ra1 100. Rh8+ Kg4 101. Kg6 Ra5 102. Rxh3 Kxh3
103. f6 1/2-1/2

[Event "4NCL/Div4a/SLOS4 vs. CHED"]
[Site "Telford ENG"]
[Date "2004.11.06"]
[Round "1.2"]
[White "Smith, Alan A"]
[Black "Payne, Nick"]
[Result "1-0"]
[WhiteElo "2272"]
[BlackElo "2079"]
[PlyCount "41"]
[EventDate "2004.11.06"]
[SourceDate "2004.09.21"]

1. e4 c5 2. Nf3 d6 3. Bb5+ Bd7 4. Bxd7+ Qxd7 5. O-O Nc6 6. c3 Nf6 7. d4 cxd4 8.
cxd4 Nxe4 9. d5 Ne5 10. Re1 Nf6 11. Nxe5 dxe5 12. Rxe5 e6 13. Nc3 Bd6 14. dxe6
fxe6 15. Re1 Kf7 16. Bg5 Rhe8 17. Bxf6 gxf6 18. Ne4 Rad8 19. Qh5+ Kg7 20. Rad1
Qe7 21. Nxd6 1-0

[Event "4NCL/Div4a/SLOS4 vs. CHED"]
[Site "Telford ENG"]
[Date "2004.11.06"]
[Round "1.3"]
[White "Nicholas, Koichi"]
[Black "Gilmore, Simon N"]
[Result "0-1"]
[WhiteElo "2087"]
[BlackElo "2105"]
[PlyCount "88"]
[EventDate "2004.11.06"]
[SourceDate "2004.09.21"]

1. e4 c6 2. d4 d5 3. Nc3 dxe4 4. Nxe4 Nd7 5. Qe2 e6 6. Nf3 Ngf6 7. Bg5 Be7 8.
Nxf6+ Nxf6 9. O-O-O O-O 10. Kb1 Qb6 11. Bxf6 Bxf6 12. Qe4 c5 13. Ne5 cxd4 14.
Rxd4 Rd8 15. Rxd8+ Qxd8 16. Bd3 g6 17. h4 Qd5 18. Ng4 Bg7 19. Ne3 Qe5 20. Nc4
Qxe4 21. Bxe4 f5 22. Bf3 Rb8 23. Rd1 Bf6 24. h5 Kf8 25. hxg6 hxg6 26. Rd3 Ke7
27. Na5 e5 28. Bd5 e4 29. Rb3 Kd6 30. c4 b6 31. Nc6 Rb7 32. Ra3 Bd7 33. Nxa7
Rc7 34. Ra6 Bd4 35. Bf7 g5 36. b4 Ke7 37. Bd5 Bxf2 38. Kc2 Kd6 39. Kd2 Ke5 40.
Ke2 Bd4 41. a4 f4 42. b5 Bg4+ 43. Kf1 Rh7 44. Ke1 Bc3+ 0-1

[Event "4NCL/Div4a/SLOS4 vs. CHED"]
[Site "Telford ENG"]
[Date "2004.11.06"]
[Round "1.4"]
[White "Edwards, Simon R"]
[Black "Crichton, Martin"]
[Result "1/2-1/2"]
[WhiteElo "2037"]
[BlackElo "1998"]
[PlyCount "48"]
[EventDate "2004.11.06"]
[SourceDate "2004.09.21"]

1. d4 Nf6 2. Nf3 c5 3. e3 b6 4. Bd3 d5 5. b3 g6 6. Bb2 Bg7 7. O-O O-O 8. Nbd2
Nbd7 9. c4 Bb7 10. Qb1 e6 11. cxd5 exd5 12. dxc5 Nxc5 13. Rd1 Nxd3 14. Qxd3 Qe7
15. Rac1 Rfc8 16. Qb5 Rc5 17. Rxc5 Qxc5 18. Qd3 Rc8 19. Rc1 Qf8 20. Rxc8 Qxc8
21. Qc3 Qxc3 22. Bxc3 Ne4 23. Bxg7 Nxd2 24. Bd4 Nxf3+ 1/2-1/2

[Event "4NCL/Div4a/SLOS4 vs. CHED"]
[Site "Telford ENG"]
[Date "2004.11.06"]
[Round "1.5"]
[White "McCarthy, J Nimai"]
[Black "Yu, Yangshi"]
[Result "1-0"]
[WhiteElo "1995"]
[BlackElo "1945"]
[PlyCount "51"]
[EventDate "2004.11.06"]
[SourceDate "2004.09.21"]

1. d4 d5 2. Nf3 Nf6 3. e3 e6 4. Bd3 Bd6 5. b3 Nbd7 6. Bb2 c5 7. O-O Qc7 8. c4
b6 9. Nc3 a6 10. Rc1 Bb7 11. Qe2 O-O 12. h3 Qd8 13. e4 dxe4 14. Nxe4 Be7 15.
Ng3 cxd4 16. Nxd4 Bc5 17. Rcd1 Qc7 18. Nh5 Rad8 19. Rfe1 h6 20. Nxe6 fxe6 21.
Qxe6+ Kh8 22. Qf5 Bxf2+ 23. Kh1 Bxe1 24. Qg6 Ne5 25. Bxe5 Qxe5 26. Qxg7# 1-0

[Event "4NCL/Div4a/SLOS4 vs. CHED"]
[Site "Telford ENG"]
[Date "2004.11.06"]
[Round "1.6"]
[White "Yu, Yangshan"]
[Black "Coddington, Oliver"]
[Result "0-1"]
[WhiteElo "1795"]
[BlackElo "1962"]
[PlyCount "64"]
[EventDate "2004.11.06"]
[SourceDate "2004.09.21"]

1. d4 d6 2. Nf3 g6 3. Bf4 Bg7 4. e3 c5 5. c3 cxd4 6. cxd4 Nf6 7. Bd3 O-O 8. O-O
Nc6 9. Nc3 a6 10. Re1 Nh5 11. Bg3 Nxg3 12. hxg3 b5 13. a3 Bb7 14. Bc2 Rc8 15.
Rc1 Na5 16. Nd2 e5 17. Nde4 f5 18. Bb3+ Nxb3 19. Qxb3+ Kh8 20. Nd2 exd4 21.
exd4 Bxd4 22. a4 Qg5 23. Nf1 f4 24. Ne2 fxg3 25. Nexg3 Bxf2+ 26. Kh1 Rxc1 27.
Rxc1 Qxc1 28. Qd3 Qh6+ 29. Nh2 Bxg3 30. Qd4+ Be5 31. Qg1 Rf1 32. axb5 Qxh2# 0-1

[Event "4NCL/Div4a/HKFC vs. SLOS2"]
[Site "Telford ENG"]
[Date "2004.11.06"]
[Round "1.1"]
[White "Fowler, Simon"]
[Black "Williams, Samuel G"]
[Result "0-1"]
[WhiteElo "2107"]
[BlackElo "2207"]
[PlyCount "58"]
[EventDate "2004.11.06"]
[SourceDate "2004.09.21"]

1. d4 d6 2. e4 Nf6 3. Nc3 c6 4. f4 Qa5 5. Bd3 e5 6. Nf3 Bg4 7. Be3 d5 8. Bd2
exd4 9. Nxd5 Qd8 10. Nxf6+ gxf6 11. h3 Bxf3 12. Qxf3 Nd7 13. O-O Qc7 14. Kh1
O-O-O 15. b4 Bd6 16. c3 dxc3 17. Bxc3 Rhg8 18. Rab1 Rg7 19. g3 Rdg8 20. Be1 Nf8
21. Bf2 Ne6 22. Rg1 Qd7 23. Kh2 h5 24. Bc4 h4 25. Bxe6 hxg3+ 26. Rxg3 Qxe6 27.
Rb2 Qc4 28. Rxg7 Rxg7 29. Bxa7 Qc1 0-1

[Event "4NCL/Div4a/HKFC vs. SLOS2"]
[Site "Telford ENG"]
[Date "2004.11.06"]
[Round "1.2"]
[White "Richmond, Robert J"]
[Black "Forman, Karl L"]
[Result "1-0"]
[WhiteElo "2257"]
[BlackElo "2035"]
[PlyCount "93"]
[EventDate "2004.11.06"]
[SourceDate "2004.09.21"]

1. d4 Nf6 2. c4 g6 3. Nc3 d5 4. Bf4 Bg7 5. e3 O-O 6. cxd5 Nxd5 7. Nxd5 Qxd5 8.
Bxc7 Nc6 9. Ne2 Bg4 10. Bf4 Rac8 11. Nc3 Qh5 12. f3 Bd7 13. Be2 Rfd8 14. O-O e5
15. dxe5 Nxe5 16. Rc1 Bc6 17. Qb3 Nd3 18. Bxd3 Rxd3 19. Rfd1 Qf5 20. Rxd3 Qxd3
21. Rd1 Qf5 22. Ne2 g5 23. Bg3 g4 24. e4 Qa5 25. Be1 Qc5+ 26. Bf2 Qa5 27. Nc3
gxf3 28. gxf3 Qg5+ 29. Kh1 Qh5 30. Nd5 Ba4 31. Qxa4 Qxf3+ 32. Kg1 b5 33. Qb3
Qxe4 34. Re1 Qg4+ 35. Qg3 Qxg3+ 36. Bxg3 Bd4+ 37. Kf1 Rc2 38. Re2 Rxe2 39. Kxe2
Bxb2 40. Nc7 b4 41. Na6 Kg7 42. Bf2 Kg6 43. Bxa7 Kf5 44. Nxb4 Kg4 45. Nd3 Ba3
46. Bc5 Bxc5 47. Nxc5 1-0

[Event "4NCL/Div4a/HKFC vs. SLOS2"]
[Site "Telford ENG"]
[Date "2004.11.06"]
[Round "1.3"]
[White "Goodwin, Ed"]
[Black "Gough, Michael J"]
[Result "0-1"]
[WhiteElo "2005"]
[BlackElo "2166"]
[PlyCount "62"]
[EventDate "2004.11.06"]
[SourceDate "2004.09.21"]

1. c4 Nc6 2. g3 e5 3. Bg2 f5 4. Nc3 Nf6 5. d3 Bb4 6. Bd2 O-O 7. Nd5 Bxd2+ 8.
Qxd2 Nxd5 9. cxd5 Ne7 10. Nh3 c6 11. dxc6 bxc6 12. f4 Ng6 13. fxe5 Nxe5 14. O-O
Qb6+ 15. d4 Ba6 16. Kh1 Nc4 17. Qg5 Qxb2 18. d5 Nd2 19. dxc6 Nxf1 20. Rxf1 dxc6
21. Bxc6 Bb7 22. Bxb7 Qxb7+ 23. Kg1 Qb6+ 24. Rf2 Qb1+ 25. Rf1 Qxa2 26. Nf4 Rae8
27. Rc1 Qb2 28. Rd1 Rf7 29. h4 a5 30. Kh2 Rxe2+ 31. Kg1 Re8 0-1

[Event "4NCL/Div4a/HKFC vs. SLOS2"]
[Site "Telford ENG"]
[Date "2004.11.06"]
[Round "1.4"]
[White "Armstrong, Malcolm"]
[Black "Greatorex, Roger"]
[Result "1-0"]
[WhiteElo "2129"]
[BlackElo "1955"]
[PlyCount "57"]
[EventDate "2004.11.06"]
[SourceDate "2004.09.21"]

1. e4 e6 2. d4 a6 3. c4 b5 4. Nf3 Bb7 5. Nbd2 bxc4 6. Bxc4 Nf6 7. Bd3 Be7 8.
O-O O-O 9. Qc2 h6 10. Nb3 Nc6 11. a3 d6 12. Re1 Ne8 13. d5 exd5 14. exd5 Ne5
15. Nxe5 dxe5 16. Rxe5 Bd6 17. Re1 Nf6 18. Nd4 Bxd5 19. Nf5 Re8 20. Rxe8+ Nxe8
21. Be3 Be5 22. Rd1 Qf6 23. Be4 c6 24. b4 Rd8 25. Bd3 Be6 26. Ng3 Bxg3 27. hxg3
Bc8 28. a4 Qe6 29. Bh7+ 1-0

[Event "4NCL/Div4a/HKFC vs. SLOS2"]
[Site "Telford ENG"]
[Date "2004.11.06"]
[Round "1.5"]
[White "Bullock, Andrew"]
[Black "Mulligan, Stephen"]
[Result "1-0"]
[WhiteElo "1985"]
[BlackElo "2157"]
[PlyCount "117"]
[EventDate "2004.11.06"]
[SourceDate "2004.09.21"]

1. c4 Nf6 2. g3 e5 3. Bg2 d6 4. Nc3 c6 5. d3 Nbd7 6. Nf3 Be7 7. b4 O-O 8. Bb2
Qc7 9. a4 a5 10. b5 Nc5 11. d4 exd4 12. Nxd4 Bd7 13. O-O Rfe8 14. Qc2 Bf8 15.
Rad1 Rac8 16. Rd2 Ng4 17. Ne4 Nxe4 18. Bxe4 Nf6 19. Bg2 Be7 20. Rfd1 Rcd8 21.
Nf5 Bxf5 22. Qxf5 Rd7 23. Bxf6 Bxf6 24. Be4 h6 25. Qf3 c5 26. Rd5 Re5 27. Qd3
Rxd5 28. Qxd5 Be5 29. Rd3 g5 30. e3 Kf8 31. f4 Bf6 32. Qf5 Qd8 33. Bd5 Kg7 34.
e4 Bd4+ 35. Kg2 Qe7 36. fxg5 hxg5 37. g4 Rd8 38. Bxb7 Rh8 39. Bd5 Be5 40. h3
Rb8 41. Rf3 f6 42. Rb3 Qc7 43. Qe6 Kh6 44. h4 Qc8 45. hxg5+ Kxg5 46. Qxc8 Rxc8
47. b6 Kf4 48. b7 Rb8 49. Rh3 f5 50. gxf5 Bf6 51. Rh6 Ke5 52. Kf3 Rd8 53. Kg4
Rb8 54. Rh7 Bd8 55. Rh8 Kf6 56. Rf8+ Ke7 57. Rf7+ Ke8 58. Kh5 Be7 59. Kg6 1-0

[Event "4NCL/Div4a/HKFC vs. SLOS2"]
[Site "Telford ENG"]
[Date "2004.11.06"]
[Round "1.6"]
[White "McCarthy, Kevin"]
[Black "Hogarth, Mark J"]
[Result "0-1"]
[WhiteElo "2065"]
[BlackElo "1929"]
[PlyCount "64"]
[EventDate "2004.11.06"]
[SourceDate "2004.09.21"]

1. d4 Nf6 2. Nc3 c5 3. d5 g6 4. Nf3 d6 5. e4 Bg4 6. h3 Bxf3 7. Qxf3 Nbd7 8. Bf4
Bg7 9. Be2 O-O 10. g4 Qa5 11. O-O Rab8 12. Nb5 a6 13. Nxd6 exd6 14. Bxd6 Rfe8
15. Bxb8 Rxb8 16. Bd3 Re8 17. Qg2 Qb4 18. Rfe1 c4 19. c3 Qxb2 20. Bxc4 Qxc3 21.
Rac1 Qb4 22. f4 b5 23. e5 bxc4 24. Kf1 c3 25. exf6 Rxe1+ 26. Rxe1 Qxf4+ 27. Kg1
Bxf6 28. Rf1 Qd4+ 29. Kh1 Bg5 30. d6 Qxd6 31. Qe4 Nf6 32. Qc4 Qd5+ 0-1

[Event "4NCL/Div4a/CAMB2 vs. AD3"]
[Site "Telford ENG"]
[Date "2004.11.06"]
[Round "1.1"]
[White "Jones, Richard M"]
[Black "Pohribnyj, Chris"]
[Result "1/2-1/2"]
[WhiteElo "2072"]
[BlackElo "1972"]
[PlyCount "44"]
[EventDate "2004.11.06"]
[SourceDate "2004.09.21"]

1. e4 c5 2. Nf3 d6 3. Bb5+ Bd7 4. Bxd7+ Qxd7 5. O-O Nf6 6. e5 dxe5 7. Nxe5 Qc7
8. Re1 Nc6 9. Nxc6 Qxc6 10. Nc3 e6 11. d3 Be7 12. Bg5 O-O 13. Ne4 Nxe4 14. Bxe7
Rfe8 15. Rxe4 Rxe7 16. Qh5 Rd8 17. Rae1 Rd5 18. Qh3 Rd4 19. Re5 Rd5 20. Qg3
Rxe5 21. Rxe5 f6 22. Re4 b6 1/2-1/2

[Event "4NCL/Div4a/CAMB2 vs. AD3"]
[Site "Telford ENG"]
[Date "2004.11.06"]
[Round "1.2"]
[White "Wilcox, Steven R"]
[Black "Campbell, Mark"]
[Result "0-1"]
[WhiteElo "1920"]
[BlackElo "2030"]
[PlyCount "79"]
[EventDate "2004.11.06"]
[SourceDate "2004.09.21"]

1. e4 c5 2. d4 cxd4 3. c3 dxc3 4. Nxc3 Nc6 5. Nf3 d6 6. Bc4 a6 7. O-O Nf6 8. h3
e6 9. Qe2 Be7 10. Rd1 Qc7 11. Bf4 e5 12. Bh2 Be6 13. Bxe6 fxe6 14. Rac1 O-O 15.
a3 Rfc8 16. Qe3 b5 17. Ne2 Qb7 18. Ng5 Nd8 19. Qb3 Bf8 20. Bxe5 dxe5 21. Rxd8
Rxc1+ 22. Nxc1 Rxd8 23. Qxe6+ Kh8 24. Nf7+ Qxf7 25. Qxf7 Nxe4 26. Ne2 Bc5 27.
Qc7 Rf8 28. Kh2 Bxf2 29. Qxe5 Nd2 30. Ng3 Nc4 31. Qe2 Ba7 32. Qe7 Ra8 33. h4 h6
34. Nf5 Bb8+ 35. Kh3 Be5 36. b3 Bf6 37. Qb7 Rd8 38. bxc4 Rd3+ 39. g3 bxc4 40.
Qxa6 0-1

[Event "4NCL/Div4a/CAMB2 vs. AD3"]
[Site "Telford ENG"]
[Date "2004.11.06"]
[Round "1.3"]
[White "Low, Ying Min"]
[Black "Rea, William"]
[Result "1/2-1/2"]
[WhiteElo "2025"]
[BlackElo "1920"]
[PlyCount "91"]
[EventDate "2004.11.06"]
[SourceDate "2004.09.21"]

1. d4 d5 2. c4 e6 3. Nc3 Nf6 4. cxd5 exd5 5. Bg5 Be7 6. e3 c6 7. Qc2 h6 8. Bh4
Be6 9. Bd3 Na6 10. Bxa6 bxa6 11. Nf3 Nd7 12. Bxe7 Qxe7 13. h3 O-O 14. O-O Rab8
15. b3 Qf6 16. Qe2 c5 17. Rac1 Rfc8 18. Qxa6 c4 19. Nd2 Nb6 20. bxc4 Nxc4 21.
Nxc4 Rxc4 22. Ne2 Rcb4 23. Nf4 Qe7 24. Nxe6 fxe6 25. Rc8+ Rxc8 26. Qxc8+ Kh7
27. Qc2+ g6 28. Qd2 Qb7 29. Rc1 Rc4 30. g3 Qc7 31. Rxc4 dxc4 32. Qc3 Qc6 33.
Qc2 c3 34. h4 Kg7 35. Kf1 a5 36. Ke1 Qc4 37. a3 a4 38. g4 Kf6 39. h5 g5 40.
Qg6+ Ke7 41. Qg7+ Kd6 42. Qf8+ Kd7 43. Qf7+ Kc6 44. Qe8+ Kb7 45. Qd7+ Kb6 46.
Qd6+ 1/2-1/2

[Event "4NCL/Div4a/CAMB2 vs. AD3"]
[Site "Telford ENG"]
[Date "2004.11.06"]
[Round "1.4"]
[White "Pready, Alex D"]
[Black "Kreuzer, Christopher"]
[Result "0-1"]
[WhiteElo "1890"]
[BlackElo "1955"]
[PlyCount "62"]
[EventDate "2004.11.06"]
[SourceDate "2004.09.21"]

1. e4 c5 2. Nf3 d6 3. d4 cxd4 4. Nxd4 Nf6 5. Nc3 a6 6. f3 e5 7. Nb3 Be6 8. Be3
Be7 9. Qd2 O-O 10. O-O-O b5 11. g4 Nbd7 12. g5 b4 13. Nd5 Nxd5 14. exd5 Bf5 15.
h4 a5 16. Bd3 Bxd3 17. Qxd3 a4 18. Na1 Qc7 19. Kd2 Ra5 20. Ke2 f5 21. Rc1 Qb7
22. Rhd1 e4 23. fxe4 Ne5 24. Qd4 Qb5+ 25. Kf2 fxe4+ 26. Kg3 Rf3+ 27. Kg2 Qe2+
28. Bf2 Rg3+ 29. Kxg3 Qg4+ 30. Kh2 Nf3+ 31. Kh1 Qh3# 0-1

[Event "4NCL/Div4a/CAMB2 vs. AD3"]
[Site "Telford ENG"]
[Date "2004.11.06"]
[Round "1.5"]
[White "Spencer, Carl"]
[Black "Somerfield, Adrian"]
[Result "1-0"]
[WhiteElo "1855"]
[BlackElo "1825"]
[PlyCount "65"]
[EventDate "2004.11.06"]
[SourceDate "2004.09.21"]

1. e4 c5 2. c4 Nc6 3. Nc3 g6 4. g3 Bg7 5. Bg2 Nf6 6. Nge2 d6 7. O-O O-O 8. d3
Rb8 9. h3 a6 10. a4 Bd7 11. f4 Ne8 12. Rb1 Nc7 13. f5 b5 14. Bg5 h6 15. Be3
bxc4 16. dxc4 Ne5 17. b3 Kh7 18. Qd2 Qc8 19. Nf4 g5 20. Nh5 Bh8 21. f6 Qd8 22.
Bxg5 hxg5 23. Qxg5 Rg8 24. Qh4 Ng6 25. Qg5 Ne6 26. Qe3 exf6 27. Nd5 Nc7 28.
Ndxf6+ Bxf6 29. Nxf6+ Kg7 30. e5 Rh8 31. Rbd1 Qe7 32. Rxd6 Bxh3 33. Re1 1-0

[Event "4NCL/Div4a/CAMB2 vs. AD3"]
[Site "Telford ENG"]
[Date "2004.11.06"]
[Round "1.6"]
[White "Marlow, Ben"]
[Black "Ball, Chris"]
[Result "1/2-1/2"]
[WhiteElo "1730"]
[BlackElo "1610"]
[PlyCount "55"]
[EventDate "2004.11.06"]
[SourceDate "2004.09.21"]

1. e4 c5 2. Nf3 Nc6 3. Bb5 d6 4. h3 e5 5. Nc3 a6 6. Bxc6+ bxc6 7. d3 Be7 8. O-O
Nf6 9. Re1 O-O 10. Bg5 Rb8 11. Rb1 Nh5 12. Nxe5 Bb7 13. Bxe7 Qxe7 14. Qxh5 dxe5
15. Re3 Bc8 16. Rg3 f5 17. Qg5 Rf6 18. exf5 h6 19. Qh4 Bxf5 20. Ne4 Bxe4 21.
Qxe4 Rb4 22. Qe3 Rbf4 23. Rf3 Rxf3 24. gxf3 Qf7 25. Kg2 Qxa2 26. Qc1 Qd5 27.
Qe3 Qa2 28. Qc1 1/2-1/2

[Event "4NCL/Div4a/GLOSG vs. SXM"]
[Site "Telford ENG"]
[Date "2004.11.06"]
[Round "1.1"]
[White "White, Michael J R"]
[Black "Prescott, Adam"]
[Result "0-1"]
[WhiteElo "2163"]
[BlackElo "2000"]
[PlyCount "77"]
[EventDate "2004.11.06"]
[SourceDate "2004.09.21"]

1. e4 d6 2. d4 Nf6 3. Nc3 g6 4. g3 Bg7 5. Bg2 O-O 6. Nge2 c6 7. a4 e5 8. O-O
exd4 9. Nxd4 a5 10. Bf4 Na6 11. Qd2 Qb6 12. Rad1 Rd8 13. Qc1 Nb4 14. Nde2 d5
15. Bg5 Re8 16. Be3 Qc7 17. exd5 cxd5 18. Nd4 Be6 19. Ncb5 Qd7 20. Bf4 Rad8 21.
Bc7 Ra8 22. Bf4 Rad8 23. Rfe1 Nc6 24. Nb3 Bf8 25. Nc7 Re7 26. Nc5 Qc8 27. N7xe6
fxe6 28. Bh3 Nd4 29. Nxb7 Nf3+ 30. Kh1 Qxb7 31. Rxe6 Rxe6 32. Bxe6+ Kh8 33. Bh3
Ne4 34. Qe3 d4 35. Qxf3 Nxf2+ 36. Kg2 Qxf3+ 37. Kxf3 Nxd1 38. Bc1 Re8 39. c3
0-1

[Event "4NCL/Div4a/GLOSG vs. SXM"]
[Site "Telford ENG"]
[Date "2004.11.06"]
[Round "1.2"]
[White "Fraser, Joe"]
[Black "Buchanan, David"]
[Result "1/2-1/2"]
[WhiteElo "1897"]
[BlackElo "2100"]
[PlyCount "35"]
[EventDate "2004.11.06"]
[SourceDate "2004.09.21"]

1. e4 e6 2. d4 d5 3. Nc3 Bb4 4. e5 c5 5. a3 Bxc3+ 6. bxc3 Qa5 7. Bd2 Qa4 8. Qb1
a6 9. Ne2 Nc6 10. Qb3 Qxb3 11. cxb3 Nge7 12. f4 cxd4 13. Nxd4 Nxd4 14. cxd4 Nf5
15. Bc3 Ne3 16. Kd2 Nxf1+ 17. Rhxf1 Bd7 18. Rfc1 1/2-1/2

[Event "4NCL/Div4a/GLOSG vs. SXM"]
[Site "Telford ENG"]
[Date "2004.11.06"]
[Round "1.3"]
[White "Taylor, Geoffrey P"]
[Black "Barraclough, David"]
[Result "1-0"]
[WhiteElo "2156"]
[BlackElo "1945"]
[PlyCount "59"]
[EventDate "2004.11.06"]
[SourceDate "2004.09.21"]

1. e4 d6 2. d4 Nf6 3. Nc3 g6 4. f4 Bg7 5. Nf3 O-O 6. Bd3 Na6 7. a3 c5 8. d5 Bg4
9. O-O e6 10. h3 Bxf3 11. Qxf3 exd5 12. exd5 Nc7 13. Bd2 Qd7 14. Rae1 b5 15. b4
a5 16. bxc5 dxc5 17. Ne4 Nxe4 18. Bxe4 f5 19. Bd3 c4 20. Be2 Qxd5 21. Rd1 Qc5+
22. Be3 Qe7 23. Bb6 Kh8 24. Rfe1 Qf7 25. Qc6 Ne6 26. Rd7 Qe8 27. Bf3 Ra6 28.
Rxe6 Rxb6 29. Rxe8 Rxc6 30. Rxf8+ 1-0

[Event "4NCL/Div4a/GLOSG vs. SXM"]
[Site "Telford ENG"]
[Date "2004.11.06"]
[Round "1.4"]
[White "Bucher, Grant"]
[Black "Gilmour, Andrew J"]
[Result "1-0"]
[WhiteElo "1935"]
[BlackElo "2075"]
[PlyCount "80"]
[EventDate "2004.11.06"]
[SourceDate "2004.09.21"]

1. e4 c5 2. Nf3 d6 3. d4 cxd4 4. Nxd4 Nf6 5. Nc3 g6 6. Be3 Bg7 7. f3 O-O 8. Qd2
Nc6 9. Bc4 Bd7 10. h4 Rc8 11. Bb3 Ne5 12. O-O-O Nc4 13. Bxc4 Rxc4 14. Kb1 Qc7
15. Nb3 Rc8 16. Bd4 Be6 17. h5 a6 18. hxg6 hxg6 19. Rde1 b5 20. Re2 b4 21. Nd1
a5 22. Ne3 Rc6 23. Bxf6 Bxf6 24. Nd4 Rc5 25. Nxe6 fxe6 26. Ng4 Rh5 27. Rxh5
gxh5 28. Nxf6+ exf6 29. g3 Qc5 30. Re1 Kg7 31. Rh1 Rh8 32. f4 a4 33. Qe2 a3 34.
Qd3 axb2 35. Kxb2 Ra8 36. Rd1 Rd8 37. Qd4 Qa5 38. Rd3 Ra8 39. Qc4 Re8 40. Rb3
Ra8 1-0

[Event "4NCL/Div4a/GLOSG vs. SXM"]
[Site "Telford ENG"]
[Date "2004.11.06"]
[Round "1.5"]
[White "Martin, Peter"]
[Black "Tucker, Andrew"]
[Result "1/2-1/2"]
[WhiteElo "2025"]
[BlackElo "1903"]
[PlyCount "126"]
[EventDate "2004.11.06"]
[SourceDate "2004.09.21"]

1. d4 Nf6 2. Nf3 g6 3. Bg5 Bg7 4. Nbd2 d5 5. e3 O-O 6. Bd3 Nbd7 7. Qe2 c5 8. c3
Qc7 9. Bf4 Qb6 10. b3 Re8 11. O-O Nh5 12. Bg5 e5 13. dxe5 Nxe5 14. Nxe5 Bxe5
15. Rac1 Bg7 16. Qf3 Re5 17. Bh4 Bf5 18. Bxf5 Rxf5 19. Qd1 Re5 20. e4 Qc6 21.
exd5 Rxd5 22. Qc2 Nf4 23. Nf3 Rd3 24. Bg3 Rxc3 25. Qd2 Nh3+ 26. gxh3 Rxf3 27.
Qd6 Qxd6 28. Bxd6 b6 29. Kg2 Rd3 30. Bf4 Rad8 31. Rfe1 h5 32. Re7 R8d7 33. Re8+
Kh7 34. Rce1 Rd8 35. R8e7 R3d4 36. Rxf7 R8d7 37. Rxd7 Rxd7 38. Re6 Rf7 39. Be3
Bh6 40. Re8 Kg7 41. Kg3 Bxe3 42. fxe3 Kf6 43. Kf4 Re7 44. Rxe7 Kxe7 45. Ke5 h4
46. e4 g5 47. a4 a6 48. Kd5 Kf6 49. e5+ Ke7 50. Kc6 Ke6 51. Kxb6 Kxe5 52. Kxa6
Kf4 53. Kb5 Kf3 54. a5 Kg2 55. a6 Kxh3 56. a7 Kxh2 57. a8=Q g4 58. Qe4 Kg3 59.
Qe3+ Kg2 60. Qf4 Kh3 61. Kxc5 g3 62. b4 g2 63. Qf2 g1=Q $3 1/2-1/2